| 000 | 00649nam a22002415i 4500 | ||
|---|---|---|---|
| 001 | 13006 | ||
| 003 | ES-MaACL | ||
| 005 | 20230906150451.0 | ||
| 007 | t| | ||
| 008 | 930215s1992 sp ||||0| spa j | ||
| 020 | _a84-7954-066-4 | ||
| 040 |
_aM-BN _bspa _cM-BN |
||
| 080 | _a860-31"19" | ||
| 100 | 1 |
_aSorel, Andrés. _9107333 |
|
| 245 | 1 | 3 |
_aEl libertador en su agonía / _cAndrés Sorel. |
| 250 | _a[1ª ed.]. | ||
| 260 |
_aMadrid : _bLibertarias/Prodhufi, _c[1992] |
||
| 300 |
_a182 p. ; _c20 cm. |
||
| 490 | 1 |
_aNarrativa ; _v30 |
|
| 830 | 0 |
_aNarrativa ; _v30 _9177839 |
|
| 852 |
_aES-MaACL _jL-20340 _bR.120463 |
||
| 999 |
_c13006 _d13006 |
||